Postavenie ekologického marketingu v riadení podniku

Ekologický marketing ako nástroj environmentálneho manažérstva. Ekologický marketing a jeho výhody pre podnik. Ekologická výkonnosť podniku ako konkurenčná výhoda. Stratégie ekologického marketingu. Riadenie ekologického marketingového mixu. Výber cieľového segmentu spotrebiteľov.

Gespeichert in:
Bibliographische Detailangaben
1. Verfasser: Bartková, Lucia
Format: Buchkapitel
Sprache:Slowakisch
Schlagworte:
Tags: Tag hinzufügen
Keine Tags, Fügen Sie das erste Tag hinzu!

MARC

LEADER 00000naa$a2200000$$$4500
001 0158434
005 20221103131524.5
041 0 |a slo 
044 |a SK 
245 1 0 |a Postavenie ekologického marketingu v riadení podniku  |c Lucia Bartková 
520 |a Ekologický marketing ako nástroj environmentálneho manažérstva. Ekologický marketing a jeho výhody pre podnik. Ekologická výkonnosť podniku ako konkurenčná výhoda. Stratégie ekologického marketingu. Riadenie ekologického marketingového mixu. Výber cieľového segmentu spotrebiteľov. 
610 2 0 |a marketing 
610 2 0 |a ekológia 
610 2 0 |a marketing environmentálny 
610 2 0 |a manažment environmentálny 
610 2 0 |a marketing mix 
610 2 0 |a produkty 
610 2 0 |a ceny 
610 2 0 |a distribúcia 
610 2 0 |a komunikácia 
610 2 0 |a spotrebitelia 
610 2 0 |a ochrana prostredia životného 
100 1 |a Bartková, Lucia